1572 1599 1962 1292 1177 1009 1971 1536 1386 1438 1980 1122 1925 1958 1708 1316 1351 1967 1083 1466 1189 1177 1600 1742 1362 1674 1156 1789 1098 1643 1500 1086 1875 1164 1311 1218 1105 1660 1109 1691 1581 1813 1160 1818 1348 1065 1420 1700 1204 1253 1493 1015 1868 1303 1075 1447 1358 1393 1862 1778 1672 1057 1994 1387 1621 1713 1112 1712 1403 1956 1008 1135 1664 1886 1740 1735 1505 1503 1550 1697 1530 1284 1138 1622 1011 1020 1980 1386 1684 1168 1935 1835 1697 1939 1228 1417 1045 1400 1697 BCNSPRNW ULIB Ver.6.0+V

เปลี่ยนเป็นภาษาไทย

Change to English
 แสดงรายละเอียดบรรณานุกรม
  กลับหน้าหลัก

Brief Record : Get Marc (ISO 2709) : E-mail record : QR code < ปิดหน้าต่าง
LEADER : 00000nam 2200000uu 4500
001    13399124609
003     ULIB
008    151020s2549||||th 000 0 tha d
020    ^a9789749639627
090    ^aนว^bอ-ท
100 1  ^aบราวน์, แดน
245 10 ^aเทวากับซาตาน =/^cแดน บราวน์
250    ^aพิมพ์ครั้งที่ 13
260    ^aกรุงเทพฯ :^bแพรวสำนักพิมพ์,^c2549
300    ^a599 หน้า :^bภาพประกอบ ;^c25 ซม.
650  4 ^aนวนิยาย
650  4 ^aนวนิยายอเมริกัน
700 0  ^aอรดี สุวรรณโกมล,^eผู้แปล
945    ^p345^l0^i024464
999    ^aเกษร โพธิ์สุวรรณ
รายการนี้ยังไม่มีแท็ก
คุณยังไม่ได้ล็อกอิน คุณสามารถมีกิจกรรมร่วมกับเว็บไซต์ได้ แต่ต้องล็อกอินก่อน ::
  ล็อกอิน

รายการสื่อสารสนเทศ

ลำดับที่ ประเภท เลขเรียก/บาร์โค้ด สถานที่ สถานะ
1. นวนิยาย
นวนิยาย
นว อ-ท ฉ.1 
  Barcode: 024464
ห้องสมุดวิทยาเขตนครสวรรค์
►นวนิยาย:l:Fiction
บนชั้น

รายการใกล้เคียง
    หัวเรื่อง [นวนิยาย]
    หัวเรื่อง [นวนิยายอเมริกัน]

BibComment


ยังไม่เคยถูกคอมเมนท์

คอมเมนท์ทรัพยากรรายการนี้
  คอมเมนท์: เทวากับซาตาน แด..


 Copyright 2026. Bcnsprnw @Library